<?xml version='1.0' encoding='UTF-8'?>
  <record xmlns="http://www.loc.gov/MARC21/slim">
    <leader>00000cam a2200000 i 4500</leader>
    <controlfield tag="001">ocm66561047</controlfield>
    <controlfield tag="003">OCoLC</controlfield>
    <controlfield tag="005">20250723052229.9</controlfield>
    <controlfield tag="008">040620s1585    gw            000 0 ger d</controlfield>
    <datafield tag="040" ind1=" " ind2=" ">
      <subfield code="a">NLGGC</subfield>
      <subfield code="b">eng</subfield>
      <subfield code="e">rda</subfield>
      <subfield code="e">dcrmr</subfield>
      <subfield code="c">NLGGC</subfield>
      <subfield code="d">QGJ</subfield>
      <subfield code="d">OCLCF</subfield>
      <subfield code="d">OCLCQ</subfield>
      <subfield code="d">OCLCO</subfield>
      <subfield code="d">QGJ</subfield>
    </datafield>
    <datafield tag="029" ind1="0" ind2=" ">
      <subfield code="a">NLGGC</subfield>
      <subfield code="b">265167051</subfield>
    </datafield>
    <datafield tag="035" ind1=" " ind2=" ">
      <subfield code="a">(OCoLC)66561047</subfield>
    </datafield>
    <datafield tag="245" ind1="0" ind2="0">
      <subfield code="a">Warhafftiger grundtlicher Bericht, Was sich in der Churfürstlichen Pfaltz, sonderlich in der Statt Heidelberg, mit Verenderung der Religion, vnd Einführung der Caluinischen falschen Lehre, Abschaffung reiner Kirchendiener, vnd Doctoris Grynaei Caluinschen Disputation, daselbsten verloffen. :</subfield>
      <subfield code="b">Wider den vnwarhafften Bericht, der Heidelbergischen Caluinischen Theologen, so sie newlicher zeit, vnder dem Titul (Warhaffter Bericht von der vorgenomnen Verbesserung in Kirchen vnd Schulen der Churfürstlichen Pfaltz) in die Christenheit außgesprengt. /</subfield>
      <subfield code="c">Gestelt Durch ettliche Theologen der Christlichen Augspurgischen Confession, so vmb der reinen Lehre willen, auß der Churfürstlichen Pfaltz außgeschaffen worden.</subfield>
    </datafield>
    <datafield tag="246" ind1="3" ind2=" ">
      <subfield code="a">Warhafftiger grundtlicher Bericht, Was sich in der Churfürstlichen Pfaltz, sonderlich in der Statt Heidelberg, mit Verenderung der Religion, und Einführung der Calvinischen falschen Lehre, Abschaffung reiner Kirchendiener, und Doctoris Grynaei Calvinschen Disputation, daselbsten verloffen.</subfield>
    </datafield>
    <datafield tag="264" ind1=" " ind2="1">
      <subfield code="a">Getruckt zu Tübingen, :</subfield>
      <subfield code="b">bey Georgen Gruppenbach,</subfield>
      <subfield code="c">Anno 1585.</subfield>
    </datafield>
    <datafield tag="300" ind1=" " ind2=" ">
      <subfield code="a">[6], 433 [that is, 431] pages ;</subfield>
      <subfield code="c">20 cm (4to)</subfield>
    </datafield>
    <datafield tag="336" ind1=" " ind2=" ">
      <subfield code="a">text</subfield>
      <subfield code="b">txt</subfield>
      <subfield code="2">rdacontent</subfield>
    </datafield>
    <datafield tag="337" ind1=" " ind2=" ">
      <subfield code="a">unmediated</subfield>
      <subfield code="b">n</subfield>
      <subfield code="2">rdamedia</subfield>
    </datafield>
    <datafield tag="338" ind1=" " ind2=" ">
      <subfield code="a">volume</subfield>
      <subfield code="b">nc</subfield>
      <subfield code="2">rdacarrier</subfield>
    </datafield>
    <datafield tag="340" ind1=" " ind2=" ">
      <subfield code="m">4to</subfield>
      <subfield code="2">rdabf</subfield>
    </datafield>
    <datafield tag="500" ind1=" " ind2=" ">
      <subfield code="a">Signed (page 433): Wilhelmus Zimmermann. D., Iacobus Schopperus. D., M. Dionysius Oehem suo, &amp; Philippi Felsenij absentis nomine, Conradus Lauttenbach, Ioannes Schadius.</subfield>
    </datafield>
    <datafield tag="500" ind1=" " ind2=" ">
      <subfield code="a">Signatures: ):(⁴ A-Z⁴ Aa-Zz⁴ Aaa-Hhh⁴; ):(1v and Hhh4v are blank.</subfield>
    </datafield>
    <datafield tag="510" ind1="4" ind2=" ">
      <subfield code="a">Verzeichnis der im deutschen Sprachbereich erschienenen Drucke des 16. Jahrhunderts (VD 16),</subfield>
      <subfield code="c">W 709</subfield>
      <subfield code="u">https://gateway-bayern.de/VD16+W+709</subfield>
    </datafield>
    <datafield tag="600" ind1="1" ind2="0">
      <subfield code="a">Grynaeus, Johann Jacob,</subfield>
      <subfield code="d">1540-1617.</subfield>
    </datafield>
    <datafield tag="600" ind1="1" ind2="7">
      <subfield code="a">Grynaeus, Johann Jacob,</subfield>
      <subfield code="d">1540-1617</subfield>
      <subfield code="2">fast</subfield>
      <subfield code="1">https://id.oclc.org/worldcat/entity/E39PBJqqCcQfX8BgkJ4PvJbyBP</subfield>
    </datafield>
    <datafield tag="700" ind1="1" ind2=" ">
      <subfield code="a">Gruppenbach, Georg,</subfield>
      <subfield code="d">-1610,</subfield>
      <subfield code="e">printer.</subfield>
      <subfield code="4">prt</subfield>
      <subfield code="1">https://id.oclc.org/worldcat/entity/E39PBJy8x8mvR6Y3mmxqkhWqwC</subfield>
    </datafield>
    <datafield tag="752" ind1=" " ind2=" ">
      <subfield code="a">Germany</subfield>
      <subfield code="d">Tübingen,</subfield>
      <subfield code="e">publication place.</subfield>
      <subfield code="4">pup</subfield>
    </datafield>
    <datafield tag="936" ind1=" " ind2=" ">
      <subfield code="a">BATCHLOAD</subfield>
    </datafield>
  </record>